Etude sur la structure et les tendences de l'economie energetique dans les pays de la Communauté. (Record no. 150740)
[ view plain ]
| 000 -LEADER | |
|---|---|
| campo de control de longitud fija | 00652nam a2200193 i 4500 |
| 001 - NÚMERO DE CONTROL | |
| campo de control | 150740 |
| 003 - IDENTIFICADOR DE NÚMERO DE CONTROL | |
| campo de control | ES-MaACL |
| 005 - FECHA Y HORA DE LA ÚLTIMA TRANSACCIÓN | |
| campo de control | 20230906203655.0 |
| 007 - CAMPO FIJO DE DESCRIPCIÓN FÍSICA--INFORMACIÓN GENERAL | |
| campo de control de longitud fija | t| |
| 008 - DATOS DE LONGITUD FIJA--INFORMACIÓN GENERAL | |
| campo de control de longitud fija | 071107s1944 lu ||||1| fre d |
| 245 00 - MENCIÓN DEL TÍTULO | |
| Título | Etude sur la structure et les tendences de l'economie energetique dans les pays de la Communauté. |
| 260 ## - PUBLICACIÓN, DISTRIBUCIÓN, ETC. | |
| Lugar de publicación, distribución, etc. | [Luxembourg? : |
| Nombre del editor, distribuidor, etc. | Communauté Européenne du Charbon et de l'Acier, |
| Fecha de publicación, distribución, etc. | 1944?] |
| 300 ## - DESCRIPCIÓN FÍSICA | |
| Extensión | 113 p. ; |
| Dimensiones | 25 cm. |
| 490 1# - MENCIÓN DE SERIE | |
| Mención de serie | Etudes et documents |
| 710 2# - ENTRADA AGREGADA--NOMBRE DE ENTIDAD CORPORATIVA | |
| Nombre de entidad corporativa o nombre de jurisdicción como elemento de entrada | Comunidad Europea del Carbón y del Acero. |
| 9 (RLIN) | 3133 |
| 830 0# - PUNTO DE ACCESO ADICIONAL DE SERIE-TÍTULO UNIFORME | |
| Título uniforme | Etudes et documents |
| 9 (RLIN) | 221162 |
| 852 ## - LOCALIZACIÓN | |
| Ubicación | ES-MaACL |
| Número de control de estantería | C-14972 |
| Sublocalización o colección | R.42905 |
| Estatus retirado | Estado de pérdida | Estado de daño | No para préstamo | Biblioteca de origen | Biblioteca actual | Ubicación en estantería | Fecha de adquisición | Fuente de adquisición | Total de préstamos | Signatura topográfica completa | Código de barras | Visto por última vez | Precio de reemplazo | Tipo de ítem Koha |
|---|---|---|---|---|---|---|---|---|---|---|---|---|---|---|
| Biblioteca del Ateneo de Madrid | Biblioteca del Ateneo de Madrid | Ficheros | 17/01/2008 | C-14972 | 1157289 | 23/02/2023 | 23/02/2023 | Libro impreso |
